Every Song by Modern Baseball - Statistics

General Stats
  • This quiz has been taken 144 times
  • The average score is 25 of 49
Answer Stats
Album Song % Correct
Sports(2012) Re-Do
88%
Sports(2012) Tears Over Beers
85%
Sports(2012) Re-Done
84%
"you're gonna miss it all"(2014) Your Graduation
77%
Couples Therapy(2012) It's Cold Out Here
73%
Holy Ghost(2016) Holy Ghost
70%
"you're gonna miss it all"(2014) Apartment
68%
Sports(2012) I Think You Were in My Profile Picture Once
66%
Couples Therapy(2012) Hope
63%
Sports(2012) Play Ball!
63%
Sports(2012) The Weekend
62%
"you're gonna miss it all"(2014) Fine, Great
61%
"you're gonna miss it all"(2014) Pothole
61%
"you're gonna miss it all"(2014) Rock Bottom
61%
Sports(2012) Coals
60%
Sports(2012) @chl03k
59%
Sports(2012) Cooke
58%
Holy Ghost(2016) Wedding Singer
58%
"you're gonna miss it all"(2014) Broken Cash Machine
55%
Sports(2012) Hours Outside in the Snow
54%
The Nameless Ranger(2011) My Love
53%
"you're gonna miss it all"(2014) Notes
53%
"you're gonna miss it all"(2014) Charlie Black
52%
"you're gonna miss it all"(2014) Timmy Bowers
49%
Holy Ghost(2016) Just Another Face
48%
Holy Ghost(2016) Mass
48%
The Nameless Ranger(2011) Home
47%
Sports(2012) See Ya, Sucker
46%
"you're gonna miss it all"(2014) Two Good Things
46%
MoBo Presents: The Perfect Cast(2015) The Thrash Particle
45%
The Nameless Ranger(2011) Short
43%
MoBo Presents: The Perfect Cast(2015) The Waterboy Returns
43%
Sports(2012) Look Out
42%
"you're gonna miss it all"(2014) The Old Gospel Choir
40%
"you're gonna miss it all"(2014) Going to Bed Now
39%
Holy Ghost(2016) Note to Self
38%
MoBo Presents: The Perfect Cast(2015) Revenge of the Nameless Ranger
38%
Holy Ghost(2016) Apple Cider, I Don't Mind
37%
The Nameless Ranger(2011) Best Friend
37%
Holy Ghost(2016) Coding These to Lukens
37%
The Nameless Ranger(2011) Casket
36%
Holy Ghost(2016) Everyday
35%
MoBo Presents: The Perfect Cast(2015) ...And Beyond
34%
MoBo Presents: The Perfect Cast(2015) Infinity Exposed
34%
MoBo Presents: The Perfect Cast(2015) Alpha Kappa Fall of Troy the Movie Part Deux
33%
Holy Ghost(2016) Hiding
28%
Holy Ghost(2016) What If...
26%
Holy Ghost(2016) Breathing in Stereo
24%
Holy Ghost(Hidden)(2016) Stanger Rises
11%
No matching quizzes found
Score Distribution
Percent of People with Each Score
Percentile by Number Answered
Your Score History
You have not taken this quiz